[Event "IND-ch Blitz"]
[Site "Nashik"]
[Date "2024.03.07"]
[Round "1"]
[White "Ravi, Teja Sanka"]
[Black "Kherdekar, Arnav"]
[Result "1-0"]
[WhiteElo "2428"]
[BlackElo "1760"]
[PlyCount "87"]
[EventDate "2024.03.07"]
[EventType "swiss (blitz)"]
[EventRounds "11"]
[EventCountry "IND"]
[SourceTitle "CB11_2024"]
[SourceDate "2024.03.13"]
[SourceVersion "1"]
[SourceVersionDate "2024.03.13"]
[SourceQuality "1"]

1. d4 Nf6 2. Nf3 c5 3. e3 d5 4. Bd3 Nc6 5. 0-0 Bg4 6. c3 e6 7. Nbd2 c4 8. Bc2 Be7 9. e4 0-0 10. h3 Bh5 11. Re1 b5 12. a3 a5 13. exd5 exd5 14. Nf1 Re8 15. Ng3 Bg6 16. Nf5 Bf8 17. Bg5 h6 18. Rxe8 Qxe8 19. Nxh6+ gxh6 20. Bxf6 Qe6 21. Bh4 Rb8 22. Bg3 Re8 23. Qd2 Bxc2 24. Qxc2 Qe2 25. Qd2 Qxd2 26. Nxd2 Re2 27. Rd1 b4 28. Kf1 Re8 29. axb4 axb4 30. Ra1 Re6 31. Ra8 Kg7 32. Nf3 Be7 33. Ne5 Nxe5 34. Bxe5+ f6 35. Bf4 Rb6 36. Ra7 Kf7 37. Bxh6 bxc3 38. bxc3 Rb3 39. Bd2 Ke6 40. h4 Ba3 41. h5 Bb2 42. h6 Rb8 43. h7 Rh8 44. Ra2 1-0

[Event "IND-ch Rapid"]
[Site "Nashik"]
[Date "2024.03.05"]
[Round "8"]
[White "Kherdekar, Arnav"]
[Black "Ghosh, Diptayan"]
[Result "0-1"]
[WhiteElo "1874"]
[BlackElo "2441"]
[PlyCount "84"]
[EventDate "2024.03.04"]
[EventType "swiss (rapid)"]
[EventRounds "11"]
[EventCountry "IND"]
[SourceTitle "CB11_2024"]
[SourceDate "2024.03.13"]
[SourceVersion "1"]
[SourceVersionDate "2024.03.13"]
[SourceQuality "1"]

1. e4 e5 2. Nf3 Nc6 3. Bb5 a6 4. Ba4 Bc5 5. c3 Nge7 6. 0-0 Ba7 7. d4 Ng6 8. Bg5 f6 9. Be3 0-0 10. Nbd2 d6 11. Bb3+ Kh8 12. Re1 Bd7 13. Nf1 Bg4 14. d5 Nce7 15. Bxa7 Rxa7 16. h3 Bd7 17. Ng3 Ra8 18. c4 f5 19. exf5 Nxf5 20. Ne4 b6 21. Bc2 Ngh4 22. Ned2 Qf6 23. Re4 Ng6 24. Bd3 Nd4 25. Qf1 Nxf3+ 26. Nxf3 Bxh3 27. Re3 Bf5 28. Nd2 Bxd3 29. Rxd3 Nf4 30. Rg3 Qh4 31. Nf3 Qh6 32. Rg4 Nh3+ 33. gxh3 Rxf3 34. Qg2 Rxh3 35. Re1 Rf8 36. Rg3 Rxg3 37. fxg3 a5 38. Rf1 Rf6 39. Rxf6 gxf6 40. Qf1 Qg5 41. Qh3 f5 42. Qg2 Kg7 0-1

[Event "Mumbai One Wealth op"]
[Site "Mumbai"]
[Date "2024.02.08"]
[Round "4"]
[White "Yuti, Mayur Patel"]
[Black "Kherdekar, Arnav"]
[Result "0-1"]
[WhiteElo "1426"]
[BlackElo "1739"]
[PlyCount "128"]
[EventDate "2024.02.05"]
[EventType "swiss"]
[EventRounds "7"]
[EventCountry "IND"]
[SourceTitle "CB08_2024"]
[SourceDate "2024.02.21"]
[SourceVersion "1"]
[SourceVersionDate "2024.02.21"]
[SourceQuality "1"]

1. e4 e5 2. Nf3 Nc6 3. Bc4 Nf6 4. d3 Bc5 5. c3 d6 6. Nbd2 0-0 7. h3 a5 8. Bb3 Be6 9. Nf1 d5 10. Qe2 a4 11. Bc2 Re8 12. Ng3 dxe4 13. dxe4 Qb8 14. Nh4 Ne7 15. Bg5 Nd7 16. 0-0 b5 17. Qf3 f6 18. Be3 Qb6 19. Bxc5 Qxc5 20. a3 Nb6 21. Nhf5 Nxf5 22. exf5 Bf7 23. Ne4 Qe7 24. Rfd1 Rad8 25. Bd3 Bb3 26. Re1 c6 27. Nd2 Bd5 28. Qe3 Qb7 29. Rac1 Re7 30. Qe2 Bxg2 31. Kxg2 Qd7 32. Ne4 Qxd3 33. Qg4 Rf8 34. Rcd1 Qc4 35. Rd2 Nd5 36. Kh2 Kh8 37. Rg1 Nf4 38. f3 Qf7 39. Rgd1 Nd5 40. Nd6 Qg8 41. Rg1 Rd8 42. Ne4 Ne3 43. Qh5 Rxd2+ 44. Nxd2 Qe8 45. Qh4 Nxf5 46. Qe4 Nd6 47. Qc2 e4 48. f4 e3 49. Nf3 Qh5 50. Rg4 Qf5 51. Qe2 c5 52. Nh4 Qd5 53. Nf3 Nc4 54. Rg2 Rd7 55. Kg3 Qd3 56. h4 Qxe2 57. Rxe2 Kg8 58. Ne1 Rd2 59. Kf3 Rxe2 60. Kxe2 Nxb2 61. Kxe3 Nc4+ 62. Ke4 Nxa3 63. Nd3 Nb1 64. c4 bxc4 0-1

[Event "Mumbai Transganization op"]
[Site "Mumbai"]
[Date "2024.01.28"]
[Round "7"]
[White "Gada, Om"]
[Black "Kherdekar, Arnav"]
[Result "1-0"]
[WhiteElo "1599"]
[BlackElo "1693"]
[PlyCount "119"]
[EventDate "2024.01.25"]
[EventType "swiss"]
[EventRounds "8"]
[EventCountry "IND"]
[SourceTitle "CB06_2024"]
[SourceDate "2024.02.07"]
[SourceVersion "1"]
[SourceVersionDate "2024.02.07"]
[SourceQuality "1"]

1. d4 Nf6 2. c4 c5 3. d5 e6 4. Nc3 exd5 5. cxd5 d6 6. g3 g6 7. Bg2 Bg7 8. Nf3 0-0 9. 0-0 Re8 10. Bf4 h6 11. Re1 g5 12. Bc1 a6 13. a4 Ne4 14. Nxe4 Rxe4 15. Qc2 Rb4 16. h4 g4 17. Nd2 Nd7 18. Nc4 Nb6 19. Ne3 Bd7 20. a5 Na4 21. Ra2 b6 22. Nd1 bxa5 23. Bd2 Nb6 24. Rxa5 Ra4 25. b3 Rxa5 26. Bxa5 Rb8 27. Ne3 Qf6 28. Bxb6 Rxb6 29. Nc4 Rb8 30. e4 Qe7 31. Bf1 Bd4 32. Ne3 Re8 33. Bxa6 Qxe4 34. Qxe4 Rxe4 35. Kg2 Bxe3 36. fxe3 Kg7 37. Bc4 Re5 38. e4 f5 39. Ra1 Kf6 40. Ra6 fxe4 41. Rxd6+ Ke7 42. Rxh6 e3 43. d6+ Kf8 44. Rf6+ Ke8 45. Kf1 Bc6 46. Re6+ Rxe6 47. Bxe6 Bb5+ 48. Ke1 Bd3 49. Bxg4 Kf7 50. Be2 Bc2 51. Bc4+ Ke8 52. Be6 Bd3 53. g4 Kf8 54. h5 Ke8 55. g5 Kf8 56. g6 Ke8 57. g7 Bh7 58. g8Q+ Bxg8 59. Bxg8 Kd7 60. h6 1-0

[Event "Mumbai Transganization op"]
[Site "Mumbai"]
[Date "2024.01.28"]
[Round "8"]
[White "Kherdekar, Arnav"]
[Black "Kulkarni, Vikramaditya"]
[Result "1/2-1/2"]
[WhiteElo "1693"]
[BlackElo "2193"]
[PlyCount "80"]
[EventDate "2024.01.25"]
[EventType "swiss"]
[EventRounds "8"]
[EventCountry "IND"]
[SourceTitle "CB06_2024"]
[SourceDate "2024.02.07"]
[SourceVersion "1"]
[SourceVersionDate "2024.02.07"]
[SourceQuality "1"]

1. e4 c5 2. Nf3 e6 3. g3 Nf6 4. e5 Nd5 5. Bg2 d6 6. 0-0 Nc6 7. d4 cxd4 8. exd6 Qb6 9. Nbd2 d3 10. c3 Bd7 11. Re1 f6 12. Ng5 Ne5 13. Nc4 Nxc4 14. Bxd5 d2 15. Bxd2 Nxb2 16. Qc2 fxg5 17. Bb3 Bxd6 18. Qxb2 0-0 19. Bxg5 Rf3 20. Bxe6+ Bxe6 21. Qxb6 axb6 22. Rxe6 Bc5 23. Be3 Kf7 24. Re4 Bxe3 25. fxe3 Ra3 26. Rb1 Rf6 27. Rf4 Rxc3 28. Rxb6 Rxe3 29. Rfxf6+ gxf6 30. Rxb7+ Kg6 31. Rb1 Kg5 32. Kf2 Ra3 33. Rb2 h5 34. Kg2 h4 35. gxh4+ Kxh4 36. Rf2 f5 37. Rxf5 Rxa2+ 38. Rf2 Rxf2+ 39. Kxf2 Kh3 40. Ke3 Kxh2 1/2-1/2

[Event "Mumbai Transganization op"]
[Site "Mumbai"]
[Date "2024.01.26"]
[Round "3"]
[White "Aansh, Nandan Nerurkar"]
[Black "Kherdekar, Arnav"]
[Result "1-0"]
[WhiteElo "1891"]
[BlackElo "1693"]
[PlyCount "113"]
[EventDate "2024.01.25"]
[EventType "swiss"]
[EventRounds "8"]
[EventCountry "IND"]
[SourceTitle "CB06_2024"]
[SourceDate "2024.02.07"]
[SourceVersion "1"]
[SourceVersionDate "2024.02.07"]
[SourceQuality "1"]

1. e4 c5 2. Nf3 Nc6 3. Bb5 g6 4. 0-0 Bg7 5. c3 e5 6. d4 exd4 7. Bf4 a6 8. Bc4 d6 9. cxd4 cxd4 10. Nbd2 Nf6 11. e5 dxe5 12. Nxe5 0-0 13. Ndf3 Nd5 14. Bg5 Qd6 15. Nxc6 bxc6 16. Re1 c5 17. Nd2 Bb7 18. Ne4 Qb6 19. Qb3 Qxb3 20. axb3 Nb4 21. Nxc5 Bd5 22. Bxd5 Nxd5 23. Rxa6 Nb4 24. Rxa8 Rxa8 25. Bd2 Nd5 26. g3 h6 27. Kg2 Rb8 28. Re4 Rb5 29. b4 Nxb4 30. Bxb4 Rxb4 31. Re2 Rb5 32. Nd3 Rb3 33. Rd2 Bf6 34. Kf1 h5 35. h4 Kg7 36. Ke2 Rb6 37. b4 Be7 38. Rb2 Kf6 39. b5 Bd6 40. Kf3 Kf5 41. Rb3 f6 42. Nb2 Rb8 43. Nc4 Bc5 44. b6 Ke6 45. Ke4 f5+ 46. Kd3 Rb7 47. f4 Kd5 48. Rb1 Ke6 49. Re1+ Kf6 50. Re5 Bb4 51. Kxd4 Rd7+ 52. Rd5 Bc3+ 53. Kc5 Re7 54. Ne5 Bxe5 55. Rxe5 Rd7 56. Kc6 Rd3 57. b7 1-0

[Event "Mumbai Transganization op"]
[Site "Mumbai"]
[Date "2024.01.25"]
[Round "2"]
[White "Kherdekar, Arnav"]
[Black "Haldiya, Pulak Banerjee"]
[Result "1-0"]
[WhiteElo "1693"]
[BlackElo "1247"]
[PlyCount "71"]
[EventDate "2024.01.25"]
[EventType "swiss"]
[EventRounds "8"]
[EventCountry "IND"]
[SourceTitle "CB06_2024"]
[SourceDate "2024.02.07"]
[SourceVersion "1"]
[SourceVersionDate "2024.02.07"]
[SourceQuality "1"]

1. e4 e5 2. Nf3 Nc6 3. Bb5 a6 4. Ba4 Nf6 5. d3 b5 6. Bb3 Be7 7. 0-0 0-0 8. Re1 Bb7 9. c3 d5 10. Nbd2 Bc5 11. h3 Re8 12. Qe2 Qd7 13. Nf1 d4 14. Ng3 Rad8 15. Rd1 Na5 16. Bc2 Nc6 17. Bg5 Be7 18. Nf5 h6 19. Bh4 Kh7 20. Bb3 g6 21. Nxe7 Qxe7 22. Rac1 Kg7 23. Qc2 dxc3 24. Qxc3 Rc8 25. Qd2 Qd6 26. Qc3 Red8 27. Bg3 Nd4 28. Nxd4 exd4 29. Qa5 Qe7 30. Rxc7 Rxc7 31. Qxc7 Qxc7 32. Bxc7 Rc8 33. Be5 Rd8 34. Rc1 Rd7 35. f4 g5 36. fxg5 1-0

[Event "Uadjpur Pandiyar Memorial 7th"]
[Site "Uadjpur"]
[Date "2022.10.10"]
[Round "5"]
[White "Amit, Dhoundiyal"]
[Black "Kherdekar, Arnav"]
[Result "1-0"]
[WhiteElo "1376"]
[BlackElo "1817"]
[PlyCount "115"]
[EventDate "2022.10.08"]
[EventType "swiss"]
[EventRounds "9"]
[EventCountry "IND"]
[SourceTitle "CBM 210 Extra"]
[Source "ChessBase"]
[SourceDate "2022.11.30"]
[SourceVersion "1"]
[SourceVersionDate "2022.11.30"]
[SourceQuality "1"]

1. Nf3 d5 2. d4 Nf6 3. Bf4 c5 4. e3 Nc6 5. Nbd2 Bg4 6. c3 e6 7. Qb3 Qc8 8. Bb5 Bxf3 9. Nxf3 Be7 10. Qa4 a6 11. Bxc6+ Qxc6 12. Qxc6+ bxc6 13. Ne5 Rc8 14. g4 Nd7 15. Ke2 Nxe5 16. Bxe5 f6 17. Bg3 cxd4 18. cxd4 c5 19. dxc5 Bxc5 20. Rac1 Ke7 21. Rc2 Bd6 22. Bxd6+ Kxd6 23. Rhc1 Rxc2+ 24. Rxc2 Rb8 25. Kd3 e5 26. f3 g6 27. b3 Rf8 28. f4 g5 29. Rf2 gxf4 30. exf4 e4+ 31. Kd4 Rc8 32. g5 f5 33. g6 hxg6 34. Rg2 Rg8 35. h4 Ke6 36. Rg5 Kf6 37. h5 Rg7 38. Kxd5 gxh5 39. Rxh5 Rd7+ 40. Kc4 Rd2 41. Rh6+ Kf7 42. Rxa6 e3 43. Ra5 Kg6 44. a4 Rf2 45. Kd3 e2 46. Re5 Rf3+ 47. Kc2 Rf2 48. Kc3 Kf6 49. a5 Rf3+ 50. Kb2 Rf2 51. Ka3 Rxf4 52. Rxe2 Re4 53. Rxe4 fxe4 54. Kb2 Ke5 55. Kc3 Kf4 56. a6 e3 57. Kd3 Kf3 58. a7 1-0

[Event "Mumbai Wealth op U13"]
[Site "Mumbai"]
[Date "2016.01.30"]
[Round "3"]
[White "Desai, Sailee"]
[Black "Kherdekar, Arnav"]
[Result "0-1"]
[WhiteElo "1111"]
[BlackElo "1328"]
[PlyCount "60"]
[EventDate "2016.01.28"]
[EventType "swiss"]
[EventRounds "9"]
[EventCountry "IND"]
[SourceTitle "CBM 170 Extra"]
[Source "ChessBase"]
[SourceDate "2016.02.25"]
[SourceVersion "1"]
[SourceVersionDate "2016.02.25"]
[SourceQuality "1"]

1. e4 e6 2. d4 d5 3. Nc3 Nf6 4. e5 Nfd7 5. Nf3 c5 6. dxc5 Bxc5 7. Bg5 Qb6 8. Be3 Bxe3 9. fxe3 Qxe3+ 10. Qe2 Qxe2+ 11. Nxe2 Nc6 12. 0-0-0 Ndxe5 13. Nxe5 Nxe5 14. Nc3 a6 15. Re1 f6 16. Be2 Bd7 17. Bh5+ g6 18. Be2 Ke7 19. b3 Rac8 20. Nd1 Rc7 21. Nf2 Rhc8 22. Kb1 Rxc2 23. Ka1 Nc6 24. Nd3 Nd4 25. Bd1 Rxg2 26. h4 Nc2+ 27. Bxc2 Rcxc2 28. Kb1 Rxa2 29. h5 e5 30. Nb4 Bf5+ 0-1